| 000 | 01659nam a2200313 a 4500 | ||
|---|---|---|---|
| 001 | ASIN158826775X | ||
| 005 | 20170105102910.0 | ||
| 008 | 131025s2011 xxu eng d | ||
| 020 |
_a158826775X (paperback) _c$27.50 |
||
| 020 | _a9781588267757 (paperback) | ||
| 040 | _a0 | ||
| 050 | 0 | 4 | _aJC491 |
| 082 | 0 | 4 | _a303.64 |
| 100 | 1 | _aInwegen, Patrick Van. | |
| 245 | 1 | 0 |
_aUnderstanding revolution / _cPatrick Van Inwegen. |
| 260 |
_a[S.l.] : _bLynne Rienner Publishers, _c2011. |
||
| 300 |
_a270 p. ; _c23 cm. |
||
| 520 | _aUnderstanding Revolution concisely, but thoroughly, explains one of the most fundamental sources of political change in the modern world. Designed to be accessible to undergraduate students, the book systematically explores such questions as: What should be defined as a revolution? Is there a typical pattern to the course of a revolution? What are the roles of ideologies, structures (e.g., the state, class structures, the international system), and individuals in shaping evolutions? What causes groups to mobilize behind revolutionary leaders? What happens after a revolutionary group assumes power, or fails? The discussion highlights points of agreement and debate within the social science literature, and brief case studies of revolutions and revolutionary movements bring concepts to life. | ||
| 650 | 0 | _aCommunism | |
| 650 | 0 | _aFrance | |
| 650 | 0 | _aIdeology | |
| 650 | 0 | _aLiberalism | |
| 650 | 0 | _aNationalism | |
| 650 | 0 | _aRevolutions | |
| 650 | 0 | _aSouth Africa | |
| 650 | 0 | _aUnited States | |
| 856 | 4 | 0 |
_3Amazon.com _uhttp://www.amazon.com/exec/obidos/ASIN/158826775X/chopaconline-20 |
| 942 |
_2ddc _cBK |
||
| 999 |
_c15088 _d15088 |
||